| 000 | 01088nas a2200349 4500 | ||
|---|---|---|---|
| 001 | BR0504451 | ||
| 003 | BR-BrBNA | ||
| 005 | 20231205105634.0 | ||
| 007 | ta | ||
| 008 | 230509b bl.|||p| |||| 00| 00por d | ||
| 040 |
_aBR-BrBNA _bpor _cBiblioteca Nacional de Agricultura |
||
| 041 | _a(Pt) | ||
| 072 | _aQ54; U10 | ||
| 100 | 1 | _aCosta, M.A.L. | |
| 100 | 1 | _aValadares Filho, S. de C. | |
| 100 | 1 | _aValadares, R.F.D. | |
| 100 | 1 | _aPaulino, M.F. | |
| 100 | 1 | _aCecon, P.R. | |
| 100 | 1 | _aPaulino, P.V.R. | |
| 100 | 1 | _aChizzotti, M.L. | |
| 100 | 1 | _aPaixão, M.L. | |
| 245 | 1 | _aValidação das equações no NRC (2001)para predição do valor energético de alimentos nas condições brasileiras | |
| 650 | _aGADO HOLANDÊS | ||
| 650 | _aCONCENTRADO ENERGÉTICO | ||
| 650 | _aVOLUMOSOS | ||
| 650 | _aVALOR NUTRITIVO | ||
| 650 | _aMODELO MATEMÁTICO | ||
| 650 | _aBROMATOLOGIA | ||
| 773 | 0 |
_tRevista Brasileira de Zootecnia (Brazil) _xISSN 1516-3598 _g(Jan-Feb 2005), v. 34(1) p. 280-287 _wBR0504451 |
|
| 909 |
_a202311 _bLúcia _c55 _dLúcia Elande |
||
| 942 |
_2AGRIS _n0 _cANA |
||
| 999 |
_c183904 _d183904 |
||